00918 2200277 4500001002100000005001500021035002000036007000300056008004100059040002200100082001800122084002000140090002400160100003800184245008400222250003000306300004400336650002700380850001200407504003300419264009400452336002100546337003000567338002300597990002000620INLIS00000000085350120191204040649 a0010-1219000187ta191204s2016 jiia g ind d aYOPDYOGbinderda04223a959.82814 a959.82814 AGU s aBTR 959.82814 AGU s0 aAgus Ali Imron Al Akhyarepenulis10aSejarah seni/budaya di Tulungagung Selatan /cpenulis, Agus Ali Imron Al Akhyar aCetakan pertama, Mei 2016 aviii, 275 halaman :bilustrasi ;c21 cm 4aKebudayaan Tulungagung aYOPDYOG aBibliografi: halaman 269-276 aTulungagung :bBadan Perpustakaan Dokumentasi, dan Kearsipan Kabupaten Tulungagung,c2016 2rdacontentateks 2rdamediaatanpa perantara 2rdacarrieravolume a65282-PD/A.2019